000 00639nam a22002057a 4500
999 _c9365
_d9365
003 AR-CdUCM
008 190327b ||||| |||| 00| 0 spa d
040 _aMUNICIPALIDAD PROVINCIAL DEL CUSCO
_cBIBLIOTECA MUNICIPAL DEL CUSCO
082 _a869.40 /
_bM84
100 _aMontaño Daza, Carlos
_925510
245 _aEl mal Natural /
260 _aMontevideo :
_bEdiciones Ciudadela,
_c1966.
300 _a148 paginas ;
_bilustracion,
_c17 cm.
500 _aDonación de la familia Nieto Dedicatoria a Luis Nieto
650 _aLiteratura
_983
650 _aUruguay
_92511
650 _aHistoria
_9136
942 _2ddc
_cLIBROS
945 _apjha